Football Teams Emmanuel Petit Played For - Statistics

General Stats
  • This quiz has been taken 20 times
  • The average score is 3 of 5
Answer Stats
Years Appearances Goals Answer % Correct
1990-2003 (International) 63 6 France
95%
1997-2000 85 9 Arsenal
80%
2001-2004 55 2 Chelsea
70%
1988-1997 222 4 AS Monaco
50%
2000-2001 23 1 Barcelona
45%
No matching quizzes found
Score Distribution
Percent of People with Each Score
Percentile by Number Answered
Your Score History
You have not taken this quiz